Statistics for US President who have visited South Korea

Click here to take the quiz!

General Stats

  • This quiz has been taken 109 times
    (26 since last reset)
  • The average score is 10 of 11

Answer Stats

Times visitedYear(s) visitedPresident% Correct
42009, 2010, 2012, 2014Barack Obama
100%
22017, 2019Donald Trump
100%
12022Joe Biden
100%
31993, 1996, 1998Bill Clinton
96%
21989, 1992George H. W. Bush
96%
32002, 2005, 2008George W. Bush
96%
11983Ronald Reagan
96%
21952, 1960Dwight D. Eisenhower
92%
11974Gerald Ford
88%
11979Jimmy Carter
88%
11966Lyndon B. Johnson
88%

Score Distribution

Percentile by Number Answered

Percent of People with Each Score

Your Score History

You have not taken this quiz since the last reset